| 000 | 00459nam a2200181Ia 4500 | ||
|---|---|---|---|
| 005 | 20240823043039.0 | ||
| 008 | 240823s9999||||xx |||||||||||||| ||und|| | ||
| 041 | _aENGLISH | ||
| 082 | _A338.74 M9 | ||
| 100 | _aLaxmi Narayan | ||
| 245 | 0 | _aPrinciples and Practice of Public Enterprise Management | |
| 250 | _a3rd | ||
| 260 |
_c1989 _b"S Chand,New Delhi" |
||
| 500 | _aYES | ||
| 650 |
_aManagement _bManagement Studies |
||
| 942 | _cBK | ||
| 999 |
_c209298 _d209298 |
||